Open Data Biblioteca Nacional de Portugal


República Portuguesa: Ministério da Cultura
Biblioteca Nacional de Portugal

Catálogo da BNP: acesso por Identificadores Unívocos
Registos Bibliográficos associados ao registo de autoridade

Etiqueta de registo: 00254nam 2200025 450
001 2111972
003 http://id.bnportugal.gov.pt/bib/catbnp/2111972
010 ## $a978-989-9068-46-9
021 ## $aPT$b501217/22
100 ## $a20221007d2022 d y0pory01030103ba
101 0# $apor
102 ## $aPT
105 ## $aa z 000fy
106 ## $ar
200 1# $aLais$fVânia Moreno$gil. Marta Sequeira
205 ## $a1ª ed
210 #9 $a[S.l.]$cAlfarroba,$d2022
215 ## $a27 [3] p.$cil.$d21 cm
225 2# $aInfanto-juvenil
675 ## $a087.5$vBN$zpor$3287999
675 ## $a821.134.3-93"20"$vBN$zpor$31046482
675 ## $a821.134.3-34"20"$vBN$zpor$31018838
700 #1 $aMoreno,$bVânia,$f1979-$31860623
702 #1 $aSequeira,$bMarta,$f1976-$4440$31860625
801 #0 $aPT$bBN$gRPC
856 41 $uhttp://rnod.bnportugal.gov.pt/ImagesBN/winlibimg.aspx?skey=&doc=2111972&img=170309&save=true
900 ## $aBIBNAC$d20221212
966 ## $lBN$mFGMON$sP. 61248 V.$x1
966 ## $lBN$mFGMON$sP. 61248 V.-D$x1
971 ## $corlando$d20221007
972 ## $e0$z0$d20221212$vasantos
973 ## $cigoulao$d20221010
974 ## $d20221012$e0$vaalmeid

OpendataBNP@bnportugal.pt | Mais informação sobre acesso aos dados BNP